000 00296nam a2200133 i 4500
001 bg
100 1 _aAULEYTNER, Kazimierz
245 0 _aOdgromniki /
_cK. Auleytner.
260 _aWarszawa,
_c1980.
040 _cBPK
041 _apol
942 _cKS
008 s pl f |000 0 pol
999 _c19700
_d19700
856 _uhttp://koha.tu.koszalin.pl/cgi-bin/koha/opac-detail.pl?biblionumber=19700
_yKatalog online BPK